Statistiques concernant Pays par image d'un site UNESCO - Amériques

Cliquez ici pour prendre le quiz!

Statistiques générales

  • Ce quiz a été pris 74 fois
  • Le résultat moyen est 5 sur 15

Statistiques - réponses

Réponse% Correct
Mexique
93%
Brésil
67%
Pérou
67%
Cuba
64%
Chili
48%
Canada
43%
Etats-Unis
33%
Argentine
23%
Barbade
23%
Équateur
22%
Colombie
19%
Pays-Bas (Curaçao)
7%
République dominicaine
7%
Bolivie
6%
Saint-Christophe- et-Niévès
4%

Distribution des résultats

Percentile par nombre de réponses

% des personnes avec chaque résultat

Votre développement - résultats

Vous n’avez pas pris ce quiz